<?xml version="1.0" encoding="UTF-8"?>
<marc:record xmlns:marc="http://www.loc.gov/MARC21/slim">
   <marc:leader>00000nam a2200000 a 4500</marc:leader>
   <marc:datafield ind1="1" ind2=" " tag="100">
      <marc:subfield code="a">Hermundt, Jakob</marc:subfield>
   </marc:datafield>
   <marc:datafield ind1="0" ind2="0" tag="245">
      <marc:subfield code="a">Von Anfang des Ordens, nemlich vom Jahr der Gnaden-reichen Geburt, unsers Seeligmachers 1233. bis auf das Jahr 1315</marc:subfield>
   </marc:datafield>
   <marc:datafield ind1=" " ind2="1" tag="264">
      <marc:subfield code="c">1753</marc:subfield>
   </marc:datafield>
   <marc:datafield ind1="1" ind2=" " tag="520">
      <marc:subfield code="a">Frontispiz (Kupferstich) und die zahlreichen Heiligendarstellungen von Hermundt Sc. http://zentralbibliothek.kapuziner.at/kupferstiche/provinzbibliothek/IMG_2002_1.jpg, ill. Initiale, Zierkupferstiche und Verzierungen im Text, brauner Ganzledereinband auf Pappdeckeln, Buchrücken mit 4 Bünden, schwarzen Linienverzierungen und Titelschild "Marianischer Blumen-Garten", rot punktierter Blattschnitt.</marc:subfield>
   </marc:datafield>
   <marc:datafield ind1=" " ind2=" " tag="041">
      <marc:subfield code="a">ger</marc:subfield>
   </marc:datafield>
   <marc:datafield ind1="0" ind2=" " tag="490">
      <marc:subfield code="v">1.</marc:subfield>
   </marc:datafield>
   <marc:datafield ind1=" " ind2=" " tag="300">
      <marc:subfield code="a">[6] Bl., 312 S. : zahlr. Ill.</marc:subfield>
   </marc:datafield>
</marc:record>
